000 00326nam a22001457a 4500
008 230327b ||||| |||| 00| 0 eng d
020 _a9780415887908
041 _aeng
080 _23RD EDITION
_a159.9
082 _a159.9MAD
100 _a25
101 _aPSI
245 _aPSYCHOPATHOLOGY
_cMADDUX .E.J
942 _2udc
_cBK
999 _c59459
_d59459